[Event "IX Festival A"]
[Site "Lucca ITA"]
[Date "1997.10.??"]
[Round "?"]
[White "Ricca, Roberto"]
[Black "Corso, Roberto"]
[Result "1/2-1/2"]
[WhiteElo "2145"]
[BlackElo "1603"]
[PlyCount "107"]
[EventDate "1997.10.18"]

1. e4 e5 2. Nf3 Nc6 3. Bc4 Bc5 4. O-O Nf6 5. d4 exd4 6. e5 d5 7. exf6 dxc4 8.
Re1+ Be6 9. Ng5 Qd5 10. Nc3 Qf5 11. Nce4 O-O-O 12. g4 Qe5 13. Nxe6 fxe6 14. Bg5
Bb6 15. fxg7 Qxg7 16. Bf6 Qg6 17. g5 Kb8 18. Qg4 e5 19. c3 d3 20. Rad1 Rhf8 21.
Bxd8 Nxd8 22. Qd7 Ne6 23. Qe7 Qf5 24. Rd2 Nf4 25. Ng3 Qc8 26. Qxe5 Bxf2+ 27.
Kxf2 Ng6+ 28. Qf6 Rxf6+ 29. gxf6 a6 30. f7 Ka7 31. Kg1 Qf8 32. Rf2 Qh6 33. Ne4
Qh4 34. Nd2 Qg5+ 35. Kf1 Qd5 36. Re4 b5 37. f8=Q Nxf8 38. Rxf8 Qh5 39. Rf2 Qd1+
40. Re1 Qh5 41. b3 Qh3+ 42. Kg1 Qg4+ 43. Rg2 Qh4 44. Kf1 Qf6+ 45. Rf2 Qxc3 46.
bxc4 bxc4 47. Re7 Kb6 48. Re6+ c6 49. Re1 Qd4 50. Rb1+ Ka5 51. Ke1 Qe5+ 52. Kd1
Qd4 53. Rf5+ c5 54. Rf2 1/2-1/2

[Event "IX Festival A"]
[Site "Lucca ITA"]
[Date "1997.10.??"]
[Round "?"]
[White "Ricca, Roberto"]
[Black "Venturelli, Roberto"]
[Result "0-1"]
[WhiteElo "2145"]
[BlackElo "1809"]
[PlyCount "60"]
[EventDate "1997.10.18"]

1. f4 c5 2. Nf3 Nc6 3. g3 Nf6 4. Bg2 e6 5. d3 d5 6. O-O Be7 7. c3 O-O 8. Qe1 d4
9. Na3 Nd5 10. Nc2 Bf6 11. Bd2 Bd7 12. c4 Nde7 13. g4 g6 14. Qg3 Bg7 15. Ng5 f5
16. gxf5 Nxf5 17. Qh3 h6 18. Ne4 Qe7 19. Qg4 Kh7 20. Bh3 e5 21. Kh1 exf4 22.
Bxf4 Rad8 23. Qg1 Ne5 24. Bg2 Nh4 25. Rad1 Bc6 26. Na3 Ng4 27. Bd2 Rf5 28. h3
Rh5 29. hxg4 Nf3+ 30. gxh5 Qh4+ 0-1

[Event "IX Festival A"]
[Site "Lucca ITA"]
[Date "1997.10.??"]
[Round "?"]
[White "Riccio, Eros"]
[Black "Del Giudice, Stefano"]
[Result "1-0"]
[WhiteElo "1735"]
[BlackElo "1699"]
[PlyCount "83"]
[EventDate "1997.10.18"]

1. e4 d6 2. d4 Nf6 3. Nc3 g6 4. g3 Bg7 5. Bg2 O-O 6. Nge2 Nbd7 7. h3 e5 8. Be3
exd4 9. Bxd4 Ne5 10. f4 Nc6 11. Bf2 h5 12. O-O Bd7 13. Qd2 Qc8 14. Kh2 b5 15.
Nxb5 Rb8 16. Nxa7 Nxa7 17. Bxa7 Rxb2 18. Bd4 Rb5 19. c4 Rb8 20. e5 dxe5 21.
Bxe5 Be6 22. Qc3 Rb6 23. c5 Ra6 24. Bxf6 Bxf6 25. Qxf6 Bc4 26. Qb2 Re8 27. Rf2
Re3 28. Nd4 h4 29. g4 Qe8 30. Qc2 Bd3 31. Qd2 g5 32. Nc2 Bxc2 33. Qxc2 gxf4 34.
Qf5 f3 35. Rxf3 Re2 36. a3 Re5 37. Qc2 Re2 38. Qc3 Rae6 39. Raf1 R6e3 40. Rxe3
Rxe3 41. Qf6 Rxa3 42. Rf5 1-0

[Event "IX Festival A"]
[Site "Lucca ITA"]
[Date "1997.10.??"]
[Round "?"]
[White "Riccio, Eros"]
[Black "Di Lupo, Aldo"]
[Result "1-0"]
[WhiteElo "1735"]
[BlackElo "1658"]
[PlyCount "43"]
[EventDate "1997.10.18"]

1. e4 e6 2. Qe2 c5 3. Nc3 Nc6 4. Nf3 Be7 5. g3 b6 6. Bg2 Bb7 7. O-O d6 8. d3
Nf6 9. h3 a6 10. Be3 d5 11. exd5 exd5 12. d4 c4 13. Ne5 O-O 14. g4 b5 15. g5
Ne8 16. Bxd5 Nxd4 17. Qd2 Bxd5 18. Qxd4 Be6 19. Nc6 Qc7 20. Nd5 Bxd5 21. Qxd5
Nd6 22. Bf4 1-0

[Event "IX Festival A"]
[Site "Lucca ITA"]
[Date "1997.10.??"]
[Round "?"]
[White "Tesoro, Davide"]
[Black "Paolinelli, Andrea"]
[Result "0-1"]
[WhiteElo "1549"]
[BlackElo "1741"]
[PlyCount "30"]
[EventDate "1997.10.18"]

1. e4 e5 2. Nf3 Nc6 3. Bc4 Nf6 4. Ng5 d5 5. exd5 b5 6. Bxb5 Qxd5 7. Be2 Nd4 8.
Nc3 Qxg2 9. Bf3 Qxg5 10. d3 Qh4 11. Bxa8 Bg4 12. Qd2 Bf3 13. Nb5 Bxa8 14. Nxc7+
Kd7 15. Qa5 Bb4+ 0-1

[Event "IX Festival A"]
[Site "Lucca ITA"]
[Date "1997.10.??"]
[Round "?"]
[White "Venturelli, Roberto"]
[Black "Jurkovic, Ante"]
[Result "0-1"]
[WhiteElo "1809"]
[BlackElo "2335"]
[PlyCount "118"]
[EventDate "1997.10.18"]

1. e4 e6 2. d4 d5 3. e5 c5 4. c3 Nc6 5. Nf3 Bd7 6. Be2 Nh6 7. O-O Nf5 8. Be3
Be7 9. Na3 cxd4 10. Bxd4 O-O 11. Nc2 Nfxd4 12. cxd4 f5 13. Kh1 Be8 14. Ng1 Rc8
15. f4 Qb6 16. Rf3 Na5 17. b3 Bh5 18. Rh3 Bg4 19. Rd3 Qc7 20. Ne3 Bxe2 21. Nxe2
Nc6 22. g4 g6 23. gxf5 gxf5 24. Ng3 Kh8 25. Qh5 Nb4 26. Rdd1 Qc3 27. Qe2 Bh4
28. Nh5 Nc2 29. Nxc2 Qxc2 30. Rd2 Qe4+ 31. Qg2 Rc3 32. Rf1 b5 33. Re2 Qxg2+ 34.
Rxg2 Rg8 35. Rfg1 Rxg2 36. Rxg2 Rc7 37. Re2 Kg8 38. Kg2 Rc3 39. Ng3 Kf7 40. Rd2
Be7 41. Ne2 Rc8 42. Kf2 Bb4 43. Rb2 a5 44. Ke3 Ba3 45. Rd2 Bc1 46. Nxc1 Rxc1
47. Kf3 b4 48. Kg3 Rc3+ 49. Kf2 Kg6 50. Ke2 Kh5 51. Kd1 Kg4 52. Rg2+ Kxf4 53.
Rg7 Rd3+ 54. Kc2 Rxd4 55. Rxh7 Kxe5 56. h4 f4 57. h5 f3 58. Rf7 Rh4 59. Rxf3
Rxh5 0-1

[Event "IX Festival A"]
[Site "Lucca ITA"]
[Date "1997.10.??"]
[Round "?"]
[White "Wagman, Stuart"]
[Black "Corso, Roberto"]
[Result "1/2-1/2"]
[WhiteElo "2175"]
[BlackElo "1603"]
[PlyCount "32"]
[EventDate "1997.10.18"]

1. e4 e5 2. Nf3 Nc6 3. Bb5 Bc5 4. O-O Qf6 5. Nc3 Nge7 6. d3 h6 7. Be3 Bb6 8.
Re1 O-O 9. Nd5 Nxd5 10. exd5 Ne7 11. Nxe5 Bxe3 12. Rxe3 Nxd5 13. Re1 c6 14. Bc4
Nb6 15. Qf3 Qxf3 16. Nxf3 d5 1/2-1/2

[Event "I Weekend A"]
[Site "Nicolosi ITA"]
[Date "1997.10.19"]
[Round "3"]
[White "Isonzo, David"]
[Black "Alaimo, Riccardo"]
[Result "0-1"]
[WhiteElo "2205"]
[BlackElo "2068"]
[PlyCount "62"]
[EventDate "1997.10.18"]

1. e4 c5 2. Nf3 d6 3. d4 cxd4 4. Nxd4 Nf6 5. Nc3 a6 6. Bc4 e6 7. Bb3 b5 8. O-O
Be7 9. Qf3 Qb6 10. Be3 Qb7 11. Qg3 b4 12. Na4 Nbd7 13. f3 O-O 14. Rfd1 Kh8 15.
Rac1 Rb8 16. c4 bxc3 17. Rxc3 Ne5 18. Ne2 Bd7 19. Rc2 Bxa4 20. Bxa4 Rfc8 21.
Rxc8+ Rxc8 22. b3 Rc2 23. Rd2 Qc7 24. Qe1 d5 25. exd5 Nxd5 26. Bd4 Qa5 27. Nc3
Rxd2 28. Qxd2 Bc5 29. a3 Bxd4+ 30. Qxd4 Qxc3 31. Qa7 Qe1# 0-1

[Event "I Weekend A"]
[Site "Nicolosi ITA"]
[Date "1997.10.19"]
[Round "4"]
[White "Alaimo, Riccardo"]
[Black "Gangemi, Salvatore"]
[Result "1-0"]
[WhiteElo "2068"]
[BlackElo "1870"]
[PlyCount "53"]
[EventDate "1997.10.18"]

1. e4 e6 2. Nc3 d5 3. d4 dxe4 4. Nxe4 b6 5. Bb5+ Bd7 6. Bd3 Be7 7. Nf3 Nf6 8.
Nxf6+ Bxf6 9. Qe2 Bc6 10. c3 g6 11. Bh6 Qd5 12. Bf4 Qd8 13. O-O-O O-O 14. h4
Qd5 15. Kb1 Rc8 16. h5 Nd7 17. hxg6 hxg6 18. c4 Qa5 19. Bd2 Qa6 20. Bxg6 Nf8
21. Bxf7+ Kxf7 22. Ne5+ Bxe5 23. dxe5 Ng6 24. Rh7+ Kg8 25. Rdh1 Qb7 26. Rh8+
Nxh8 27. Qg4+ 1-0

[Event "I Weekend A"]
[Site "Nicolosi ITA"]
[Date "1997.10.25"]
[Round "6"]
[White "Fabiano, Giuseppe"]
[Black "Alaimo, Riccardo"]
[Result "1-0"]
[WhiteElo "2240"]
[BlackElo "2068"]
[PlyCount "67"]
[EventDate "1997.10.18"]

1. e4 c5 2. Nf3 d6 3. d4 cxd4 4. Nxd4 Nf6 5. Nc3 a6 6. Bc4 e6 7. Be3 b5 8. Bb3
Be7 9. f3 Qc7 10. g4 Nc6 11. Qe2 Ne5 12. O-O-O Bd7 13. g5 Ng8 14. Kb1 Nc4 15.
Bc1 Rc8 16. h4 Qb6 17. f4 a5 18. Rhe1 Na3+ 19. bxa3 Rxc3 20. Bb2 Rc7 21. Nf5
exf5 22. Bxg7 a4 23. Bd5 b4 24. axb4 Qxb4+ 25. Kc1 Nf6 26. gxf6 Qa3+ 27. Kb1
Qb4+ 28. Bb3 axb3 29. axb3 Rg8 30. e5 Bb5 31. exd6 Bxe2 32. dxc7 Qb7 33. Rxe2
Qxc7 34. Bh6 1-0

[Event "III Festival"]
[Site "Toscolano-Maderno ITA"]
[Date "1997.10.??"]
[Round "?"]
[White "Agnelli, Francesco"]
[Black "Crea, Vincenzo"]
[Result "1/2-1/2"]
[WhiteElo "2085"]
[BlackElo "2155"]
[PlyCount "55"]
[EventDate "1997.10.18"]

1. e4 e6 2. d4 d5 3. Nc3 dxe4 4. Nxe4 Bd7 5. Nf3 Bc6 6. Bd3 Nd7 7. Qe2 Ngf6 8.
Ng3 Bxf3 9. Qxf3 c6 10. O-O Bd6 11. Re1 O-O 12. Bg5 Qa5 13. Ne4 Nxe4 14. Qxe4
g6 15. Qh4 Rfe8 16. Re3 Qc7 17. Rae1 Nf8 18. f4 Be7 19. f5 Bxg5 20. Qxg5 Qd7
21. f6 Qxd4 22. c3 h6 23. Qxh6 Qxf6 24. Rf1 Qg7 25. Qh4 Red8 26. Ref3 Rd7 27.
Bc4 Rc8 28. Qg5 1/2-1/2

[Event "III Festival"]
[Site "Toscolano-Maderno ITA"]
[Date "1997.10.??"]
[Round "?"]
[White "Agnelli, Francesco"]
[Black "Duarte, Riccardo"]
[Result "1-0"]
[WhiteElo "2085"]
[BlackElo "2005"]
[PlyCount "77"]
[EventDate "1997.10.18"]

1. e4 e5 2. Nf3 Nc6 3. Bb5 a6 4. Ba4 Nf6 5. d3 d6 6. c3 Be7 7. Nbd2 O-O 8. Nf1
h6 9. h3 Nh7 10. Ng3 Ng5 11. Nh2 b5 12. Bb3 Na5 13. Bc2 c5 14. Ng4 Ne6 15. Nf5
Nf4 16. g3 Bxf5 17. gxf4 Bxg4 18. Qxg4 Kh8 19. Rg1 Rg8 20. fxe5 dxe5 21. Qh5
Qd6 22. Be3 Qe6 23. O-O-O g5 24. h4 Qg6 25. Qg4 Rad8 26. Qg3 f6 27. hxg5 hxg5
28. f4 exf4 29. Bxf4 Rc8 30. d4 cxd4 31. Rxd4 Qh5 32. Be3 Bc5 33. Qg2 Bxd4 34.
Bxd4 Kg7 35. e5 Rcd8 36. exf6+ Kf7 37. Rh1 Qxh1+ 38. Qxh1 Rxd4 39. cxd4 1-0

[Event "III Festival"]
[Site "Toscolano-Maderno ITA"]
[Date "1997.10.??"]
[Round "?"]
[White "Agnelli, Francesco"]
[Black "Medancic, Rikard"]
[Result "0-1"]
[WhiteElo "2085"]
[BlackElo "2320"]
[PlyCount "108"]
[EventDate "1997.10.18"]

1. e4 e5 2. Nf3 Nc6 3. Bb5 a6 4. Ba4 d6 5. c3 Bd7 6. d3 Nge7 7. Bb3 h6 8. Nbd2
Ng6 9. Nf1 Be7 10. Ne3 Bg5 11. Nxg5 Qxg5 12. g3 h5 13. h4 Qf6 14. Nd5 Qd8 15.
Qf3 f6 16. Ne3 Nge7 17. Bd2 Qc8 18. Qe2 a5 19. a4 Be6 20. Nd5 Bf7 21. f4 Nxd5
22. exd5 Ne7 23. fxe5 dxe5 24. Qf3 Qg4 25. Qxg4 hxg4 26. c4 Nf5 27. Kf2 Nd4 28.
Bd1 Bg6 29. Bc3 c5 30. Bxg4 Bxd3 31. Bxd4 cxd4 32. Be6 Ke7 33. Ra3 Bg6 34. Rb3
Ra7 35. Rb6 Bc2 36. Rc1 Bxa4 37. Ra1 Bc2 38. c5 g5 39. Bg4 f5 40. Be2 d3 41.
Rxa5 Rxa5 42. Rxb7+ Kd8 43. Rb8+ Kc7 44. Rxh8 Rxc5 45. hxg5 Rxd5 46. g6 Rd7 47.
Bh5 d2 48. Rf8 Kd6 49. Rf6+ Kc7 50. Re6 e4 51. Rf6 Bb3 52. Rxf5 Rd3 53. Rc5+
Kd6 54. Rc3 Bd5 0-1

[Event "III Festival"]
[Site "Toscolano-Maderno ITA"]
[Date "1997.10.??"]
[Round "?"]
[White "Arlandi, Ennio"]
[Black "Crea, Vincenzo"]
[Result "1/2-1/2"]
[WhiteElo "2470"]
[BlackElo "2155"]
[PlyCount "98"]
[EventDate "1997.10.18"]

1. d4 d5 2. c4 c6 3. Nc3 Nf6 4. e3 a6 5. Nf3 b5 6. cxd5 cxd5 7. Ne5 e6 8. Bd2
Bd6 9. a4 b4 10. Na2 a5 11. Bb5+ Bd7 12. Nxd7 Nbxd7 13. O-O O-O 14. Qe2 Ne4 15.
Be1 Be7 16. f3 Nd6 17. Bd3 Qb6 18. Nc1 Rfc8 19. Nb3 Ra7 20. Bf2 Nc4 21. e4 Qd8
22. Rfc1 Rac7 23. f4 Bf8 24. f5 Rc6 25. fxe6 fxe6 26. exd5 exd5 27. Bf5 Kh8 28.
Nc5 Nxc5 29. dxc5 R8c7 30. b3 Nd6 31. Bd3 Ne4 32. Bxe4 dxe4 33. Qxe4 Bxc5 34.
Kh1 Qe7 35. Qd5 h6 36. Re1 Qf6 37. Bxc5 Rxc5 38. Re8+ Kh7 39. Qg8+ Kg6 40. Rae1
Rc1 41. h3 Rxe1+ 42. Rxe1 Re7 43. Rc1 Qe6 44. Qd8 Qe5 45. Qd3+ Kf7 46. Qf3+ Kg8
47. Rd1 Qe4 48. Qf2 Re5 49. Rf1 Kh7 1/2-1/2

[Event "III Festival"]
[Site "Toscolano-Maderno ITA"]
[Date "1997.10.??"]
[Round "?"]
[White "Arlandi, Ennio"]
[Black "Faccia, Sergio"]
[Result "1-0"]
[WhiteElo "2470"]
[BlackElo "1900"]
[PlyCount "47"]
[EventDate "1997.10.18"]

1. d4 Nf6 2. c4 c5 3. d5 b5 4. cxb5 a6 5. bxa6 Bxa6 6. Nc3 d6 7. e4 Bxf1 8.
Kxf1 g6 9. Nf3 Bg7 10. g3 O-O 11. Kg2 Nbd7 12. Re1 Qa5 13. e5 dxe5 14. Nxe5
Nxe5 15. Rxe5 Ra7 16. Qe2 Ne8 17. Rxe7 Rxe7 18. Qxe7 Bxc3 19. bxc3 Qxc3 20. Bh6
Ng7 21. Re1 Ra8 22. d6 Ne6 23. d7 Qxe1 24. Qe8+ 1-0

[Event "III Festival"]
[Site "Toscolano-Maderno ITA"]
[Date "1997.10.??"]
[Round "?"]
[White "Arlandi, Ennio"]
[Black "Medancic, Rikard"]
[Result "1-0"]
[WhiteElo "2470"]
[BlackElo "2320"]
[PlyCount "73"]
[EventDate "1997.10.18"]

1. d4 c5 2. d5 e5 3. e4 d6 4. Nf3 Be7 5. h3 h6 6. Nc3 Bg5 7. Nxg5 hxg5 8. Be2
f6 9. Bh5+ Kf8 10. Qf3 Bd7 11. Ne2 Be8 12. Bxe8 Kxe8 13. Bd2 Ne7 14. O-O-O b5
15. h4 gxh4 16. g3 Nd7 17. Rxh4 Kf7 18. Rxh8 Qxh8 19. Rh1 Qg8 20. Qg4 f5 21.
exf5 Nf6 22. Qf3 Qc8 23. g4 Qb7 24. Qh3 Qxd5 25. Nc3 Qc6 26. g5 Ne8 27. Qh5+
Kf8 28. f6 Nf5 29. Rh3 b4 30. Nd1 Qd5 31. b3 Nd4 32. Qg6 Qg8 33. Rh7 Rd8 34.
Qh5 Qxh7 35. Qxh7 gxf6 36. g6 Ng7 37. Qh8+ 1-0

[Event "III Festival"]
[Site "Toscolano-Maderno ITA"]
[Date "1997.10.??"]
[Round "?"]
[White "Belotti, Bruno"]
[Black "Franco Ocampos, Zenon"]
[Result "1/2-1/2"]
[WhiteElo "2410"]
[BlackElo "2480"]
[PlyCount "70"]
[EventDate "1997.10.18"]

1. e4 d6 2. d4 Nf6 3. Nc3 g6 4. Nf3 Bg7 5. Be2 O-O 6. O-O c5 7. d5 Na6 8. h3
Nc7 9. a4 a6 10. Bf4 b6 11. Bc4 Bb7 12. Qd3 Qd7 13. Rfe1 Rad8 14. Rad1 Qc8 15.
Qe3 Rfe8 16. Bh6 e6 17. dxe6 Nxe6 18. Bxg7 Kxg7 19. Nd5 Bxd5 20. Bxd5 Nd4 21.
Nxd4 Nxd5 22. Qg5 Ne7 23. Ne2 h6 24. Qg3 d5 25. Nf4 dxe4 26. Nh5+ Kf8 27. Nf6
Rxd1 28. Rxd1 Nf5 29. Qf4 Re6 30. Nxe4 Kg7 31. Ng3 Nxg3 32. Qxg3 a5 33. Qc3+
Kh7 34. Qf3 Qe8 35. b3 Re1+ 1/2-1/2

[Event "III Festival"]
[Site "Toscolano-Maderno ITA"]
[Date "1997.10.??"]
[Round "?"]
[White "Belotti, Bruno"]
[Black "Martinez Martin, David"]
[Result "0-1"]
[WhiteElo "2410"]
[BlackElo "2180"]
[PlyCount "96"]
[EventDate "1997.10.18"]

1. e4 c5 2. Nf3 d6 3. d4 Nf6 4. Nc3 cxd4 5. Nxd4 g6 6. Be3 Bg7 7. f3 O-O 8. Qd2
Nc6 9. Bc4 Bd7 10. O-O-O Rc8 11. Bb3 Ne5 12. h4 h5 13. Bg5 Rc5 14. g4 hxg4 15.
f4 Rxc3 16. Qxc3 Nxe4 17. Qe3 Nxg5 18. fxe5 dxe5 19. Ne2 Nf3 20. h5 g5 21. h6
Bf6 22. Qd3 Nd4 23. Nxd4 exd4 24. Qg6+ Kh8 25. Bxf7 Be8 26. Bxe8 Qxe8 27. Qe4
Qc6 28. Qxg4 d3 29. Rh2 Be5 30. Rg2 Bf4+ 31. Kb1 d2 32. Rgg1 e5 33. Rgf1 Rc8
34. Qf5 Rc7 35. h7 Qe8 36. Rh1 e4 37. Rh6 e3 38. Re6 Qf7 39. Qe4 Qxh7 40. Re8+
Kg7 41. Qd4+ Kf7 42. Re4 Qf5 43. Qd3 Rd7 44. Rxf4 Rxd3 45. Rxf5+ Ke6 46. Rxg5
e2 47. Rgg1 Re3 48. Rde1 Ke5 0-1

[Event "III Festival"]
[Site "Toscolano-Maderno ITA"]
[Date "1997.10.??"]
[Round "?"]
[White "Belotti, Bruno"]
[Black "Medancic, Rikard"]
[Result "1-0"]
[WhiteElo "2410"]
[BlackElo "2320"]
[PlyCount "95"]
[EventDate "1997.10.18"]

1. e4 e5 2. f4 Bc5 3. Nf3 d6 4. Nc3 Nd7 5. d4 exd4 6. Nxd4 Ngf6 7. Be3 O-O 8.
Qf3 Bb4 9. Nde2 Qe7 10. O-O-O Re8 11. Bd4 c5 12. Bf2 Nxe4 13. Nxe4 Qxe4 14.
Qxe4 Rxe4 15. Rxd6 Re8 16. Ng3 c4 17. Rd1 b5 18. Be2 Rb8 19. Bf3 Bc5 20. Bxc5
Nxc5 21. Bc6 Rf8 22. Rd5 Ne6 23. f5 Nc7 24. Re5 Rb6 25. Bf3 Ne8 26. Re7 a6 27.
Rd1 Nd6 28. Re5 g6 29. fxg6 hxg6 30. Red5 Nf5 31. Rd8 Be6 32. Nxf5 Bxf5 33.
R1d6 Rxd8 34. Rxb6 Bc8 35. Rb8 Rf8 36. Kd2 Bf5 37. Rxf8+ Kxf8 38. Kc3 Ke7 39.
Kb4 Bc8 40. Kc5 f5 41. h4 Kd7 42. c3 Kc7 43. Bd5 f4 44. Be4 Bd7 45. Bxg6 Bc6
46. h5 Bxg2 47. h6 f3 48. Be4 1-0

[Event "III Festival"]
[Site "Toscolano-Maderno ITA"]
[Date "1997.10.??"]
[Round "?"]
[White "Belotti, Bruno"]
[Black "Perich, Stefano"]
[Result "1-0"]
[WhiteElo "2410"]
[BlackElo "2065"]
[PlyCount "127"]
[EventDate "1997.10.18"]

1. e4 g6 2. h4 h5 3. d4 Bg7 4. Nc3 d6 5. Be3 a6 6. Qd2 b5 7. O-O-O e6 8. Nf3
Nd7 9. Ng5 Nb6 10. d5 e5 11. Kb1 Nh6 12. Qe1 Qe7 13. g3 Rb8 14. Bh3 Bxh3 15.
Rxh3 Nd7 16. a3 b4 17. axb4 Rxb4 18. Na2 Rb7 19. Nb4 Nb8 20. f3 Qd7 21. Qc3 Qb5
22. Na2 a5 23. Bc1 Na6 24. Qd3 Qb6 25. Nc3 Nc5 26. Qc4 O-O 27. Na4 Nxa4 28.
Qxa4 Rfb8 29. Rh2 Qc5 30. Rhd2 Rb4 31. Qc6 Qxc6 32. dxc6 R4b6 33. Rd5 Ra8 34.
c4 Rxc6 35. c5 Bf8 36. Be3 Kg7 37. cxd6 cxd6 38. Rb5 Rc7 39. Rdd5 a4 40. Ra5
Rxa5 41. Rxa5 Rc4 42. Ra7 Kg8 43. Bd2 Rc8 44. Rxa4 Rc7 45. Ra8 Kg7 46. Ba5 Rb7
47. Rc8 Ra7 48. b4 Rb7 49. Rc7 Rb5 50. Rd7 Kg8 51. Kc2 Rb8 52. Kb3 f5 53. Rd8
Rxd8 54. Bxd8 Nf7 55. Nxf7 Kxf7 56. Bg5 fxe4 57. fxe4 Ke6 58. Kc4 d5+ 59. exd5+
Kd6 60. b5 Bg7 61. b6 Bf8 62. Bd8 Kd7 63. Bc7 Be7 64. Bxe5 1-0

[Event "III Festival"]
[Site "Toscolano-Maderno ITA"]
[Date "1997.10.??"]
[Round "?"]
[White "Borgo, Giulio"]
[Black "Faccia, Sergio"]
[Result "1-0"]
[WhiteElo "2370"]
[BlackElo "1900"]
[PlyCount "39"]
[EventDate "1997.10.18"]

1. e4 e5 2. Nf3 Nc6 3. Nc3 Nf6 4. d4 exd4 5. Nxd4 Bb4 6. Nxc6 bxc6 7. Bd3 h6 8.
e5 Nd5 9. Qg4 g5 10. O-O Qe7 11. Nxd5 cxd5 12. Be3 Bc5 13. Bxc5 Qxc5 14. b4 Qe7
15. Qd4 Bb7 16. f4 gxf4 17. Rxf4 O-O-O 18. Qxa7 Rdg8 19. Ba6 Bxa6 20. Qa8# 1-0

[Event "III Festival"]
[Site "Toscolano-Maderno ITA"]
[Date "1997.10.??"]
[Round "?"]
[White "Borgo, Giulio"]
[Black "Franco Ocampos, Zenon"]
[Result "0-1"]
[WhiteElo "2370"]
[BlackElo "2480"]
[PlyCount "94"]
[EventDate "1997.10.18"]

1. e4 c5 2. Nf3 Nc6 3. Bb5 e6 4. Bxc6 bxc6 5. O-O Ne7 6. b3 Ng6 7. Bb2 f6 8. c3
Be7 9. d4 e5 10. Ba3 cxd4 11. Bxe7 Qxe7 12. cxd4 O-O 13. Nc3 d6 14. Qd3 Nf4 15.
Qe3 Qf7 16. g3 Bh3 17. Rfd1 Qh5 18. Ne1 Ne6 19. d5 Nd4 20. dxc6 Rac8 21. Rd2
Rxc6 22. Ne2 Nxe2+ 23. Qxe2 Qxe2 24. Rxe2 f5 25. exf5 Bxf5 26. f3 Kf7 27. Rd1
Ke6 28. Ng2 g5 29. Ne3 Bh3 30. Nc2 Kd7 31. Ne1 Kc7 32. Re4 h5 33. Kf2 Bc8 34.
Ra4 a6 35. Ke3 Bb7 36. h4 gxh4 37. Rxh4 Rc3+ 38. Kd2 Bxf3 39. Ra1 Rc6 40. Nxf3
Rxf3 41. Rxh5 Rxg3 42. Rh7+ Kb6 43. Rd7 e4 44. Rd1 Rd3+ 45. Ke1 Rxd1+ 46. Kxd1
Kc5 47. Re7 d5 0-1

[Event "III Festival"]
[Site "Toscolano-Maderno ITA"]
[Date "1997.10.??"]
[Round "?"]
[White "Crea, Vincenzo"]
[Black "Belotti, Bruno"]
[Result "0-1"]
[WhiteElo "2155"]
[BlackElo "2410"]
[PlyCount "84"]
[EventDate "1997.10.18"]

1. d4 d6 2. Bf4 g6 3. Nf3 Bg7 4. e3 Nd7 5. Be2 e5 6. Bg3 Ne7 7. h3 Nf5 8. Bh2
exd4 9. exd4 c5 10. Na3 O-O 11. c3 cxd4 12. cxd4 Qa5+ 13. Kf1 Qd8 14. g4 Ne7
15. Nb5 Nf6 16. Nxd6 Be6 17. Qd2 Bd5 18. Rg1 Nc6 19. b3 Ne4 20. Nxe4 Bxe4 21.
Qf4 Qe7 22. Rd1 Rad8 23. Qe3 Rfe8 24. Bf4 Qa3 25. Qc1 Qxa2 26. Be3 Bd5 27. Qc3
Qxb3 28. Qxb3 Bxb3 29. Rb1 Bd5 30. Rd1 b5 31. g5 b4 32. Rg4 a5 33. Ne5 Rc8 34.
Nd3 b3 35. Nc5 Rb8 36. Rb1 Rb4 37. Ke1 Nxd4 38. Bxd4 Bxd4 39. Kd2 a4 40. Nd3
Rc4 41. Ne1 Bc3+ 42. Kd3 Rxg4 0-1

[Event "III Festival"]
[Site "Toscolano-Maderno ITA"]
[Date "1997.10.??"]
[Round "?"]
[White "Crea, Vincenzo"]
[Black "Di Lazzaro, Gabriele"]
[Result "1-0"]
[WhiteElo "2155"]
[BlackElo "2030"]
[PlyCount "111"]
[EventDate "1997.10.18"]

1. d4 Nf6 2. Nf3 g6 3. Bf4 Bg7 4. e3 O-O 5. Be2 d6 6. h3 c5 7. c3 cxd4 8. exd4
Nc6 9. O-O Re8 10. a4 e5 11. dxe5 dxe5 12. Qxd8 Rxd8 13. Bxe5 Nxe5 14. Nxe5 Re8
15. f4 Ne4 16. Bb5 Re7 17. Rd1 Be6 18. Nd2 Nd6 19. Bf1 Nf5 20. Kf2 Rd8 21. Ndc4
Rxd1 22. Rxd1 Re8 23. g4 Ne7 24. Ne3 Bb3 25. Rd7 Bxa4 26. Rxb7 Bxe5 27. fxe5
Nc6 28. b3 Nd8 29. Rb8 Bc6 30. Bg2 Bxg2 31. Kxg2 Kf8 32. Kf3 Nc6 33. Rxe8+ Kxe8
34. Ke4 Ke7 35. Nd5+ Kd8 36. b4 a6 37. g5 Kc8 38. Nf6 Ne7 39. Nxh7 Kc7 40. Nf6
Nf5 41. Nd5+ Kc6 42. Nf4 Kb5 43. e6 Kc4 44. Ke5 fxe6 45. Nxe6 Kxc3 46. Nc5 Kxb4
47. Nxa6+ Kb5 48. Nc7+ Kc6 49. Ne6 Nh4 50. Nf8 Kc7 51. Kf6 Kd8 52. Nxg6 Ng2 53.
h4 Ne3 54. h5 Nd5+ 55. Kg7 Nc7 56. h6 1-0

[Event "III Festival"]
[Site "Toscolano-Maderno ITA"]
[Date "1997.10.??"]
[Round "?"]
[White "Crea, Vincenzo"]
[Black "Efimov, Igor"]
[Result "0-1"]
[WhiteElo "2155"]
[BlackElo "2540"]
[PlyCount "63"]
[EventDate "1997.10.18"]

1. d4 Nf6 2. Nf3 g6 3. Bf4 Bg7 4. e3 O-O 5. Be2 d6 6. h3 Nc6 7. O-O Qe8 8. c4
e5 9. Bh2 Ne4 10. dxe5 dxe5 11. Nfd2 Nc5 12. Nc3 Ne6 13. a3 f5 14. b4 e4 15.
Rc1 a5 16. Qb3 axb4 17. axb4 Qd8 18. Rfd1 Qg5 19. c5 Kh8 20. Bc4 Re8 21. Bf1
Ne5 22. Kh1 Qh6 23. Nc4 Nxc4 24. Qxc4 c6 25. Ra1 Rxa1 26. Rxa1 g5 27. Rd1 Qf6
28. Na4 Nf8 29. Qc2 Be6 30. Qd2 Bb3 31. Nb6 Bxd1 32. Qxd1 0-1

[Event "III Festival"]
[Site "Toscolano-Maderno ITA"]
[Date "1997.10.??"]
[Round "?"]
[White "Crea, Vincenzo"]
[Black "Luciani, Valerio"]
[Result "1/2-1/2"]
[WhiteElo "2155"]
[BlackElo "2225"]
[PlyCount "126"]
[EventDate "1997.10.18"]

1. d4 f5 2. Bf4 d6 3. e3 Nf6 4. h3 g6 5. Nf3 Bg7 6. Bc4 e6 7. c3 O-O 8. Nbd2
Kh8 9. Qc2 Qe8 10. O-O Nh5 11. Bh2 e5 12. dxe5 dxe5 13. e4 f4 14. Rfd1 Nc6 15.
a4 Bf6 16. a5 g5 17. Kh1 Ng7 18. Ng1 h5 19. f3 g4 20. fxg4 hxg4 21. hxg4 Bxg4
22. Be2 Qh5 23. Bxg4 Qxg4 24. Qd3 Nxa5 25. Qh3+ Qxh3 26. Nxh3 Nc6 27. Nb3 Ne6
28. Bg1 b6 29. Rd5 a5 30. Bf2 Rad8 31. Kg1 Ne7 32. Rdd1 Kg7 33. Kf1 Kf7 34. Ke2
Rxd1 35. Rxd1 Rd8 36. Rxd8 Nxd8 37. Kd3 Nc8 38. g3 fxg3 39. Bxg3 Ke6 40. Ng1
Nd6 41. Nf3 N8f7 42. Nbd2 Ng5 43. Nxg5+ Bxg5 44. Nf3 Bf6 45. Nd2 Kd7 46. Nf3
Nf7 47. Bh2 Kc6 48. Bg3 Kb5 49. b3 Kc5 50. Bf2+ Kc6 51. Bg3 b5 52. c4 Kc5 53.
cxb5 Kxb5 54. Be1 Ng5 55. Nxg5 Bxg5 56. Bc3 Bf4 57. Be1 Bh2 58. Bc3 Bg3 59. Bd2
c5 60. Bc3 Bh2 61. Be1 Bg1 62. Bg3 Bd4 63. Be1 Bb2 1/2-1/2

[Event "III Festival"]
[Site "Toscolano-Maderno ITA"]
[Date "1997.10.??"]
[Round "?"]
[White "Crea, Vincenzo"]
[Black "Perovic, Bozidar"]
[Result "1/2-1/2"]
[WhiteElo "2155"]
[BlackElo "2065"]
[PlyCount "33"]
[EventDate "1997.10.18"]

1. d4 d5 2. Nf3 Nf6 3. Bf4 Bf5 4. e3 e6 5. c4 Bb4+ 6. Nc3 c6 7. Qb3 Qe7 8. c5
Bxc3+ 9. Qxc3 Ne4 10. Qa3 Nd7 11. b4 g5 12. Bg3 Nxg3 13. hxg3 e5 14. Kd2 g4 15.
Nxe5 Nxe5 16. dxe5 Qxe5 17. Qc3 1/2-1/2

[Event "III Festival"]
[Site "Toscolano-Maderno ITA"]
[Date "1997.10.??"]
[Round "?"]
[White "Cugini, Verter"]
[Black "Belotti, Bruno"]
[Result "0-1"]
[WhiteElo "2215"]
[BlackElo "2410"]
[PlyCount "82"]
[EventDate "1997.10.18"]

1. e4 c5 2. g3 e6 3. Bg2 d5 4. exd5 exd5 5. Nf3 Nf6 6. O-O Be7 7. d4 O-O 8.
dxc5 Bxc5 9. Nbd2 Bg4 10. Nb3 Bb6 11. h3 Bh5 12. Bg5 Nbd7 13. Nbd4 h6 14. Bf4
Nc5 15. c3 Bg6 16. Ne5 Bh7 17. Nb3 Ne6 18. Bc1 Qc7 19. Ng4 Ne4 20. Be3 Rad8 21.
Bd4 f5 22. Bxb6 axb6 23. Ne3 f4 24. gxf4 Nxf4 25. Nd4 Ng5 26. Qg4 Be4 27. h4
Bxg2 28. Nxg2 Ngh3+ 29. Kh1 Nxg2 30. Qxh3 Nf4 31. Qh2 Rf6 32. f3 Qf7 33. Rae1
Rf8 34. Re3 Qh5 35. Rfe1 Ng6 36. Ne6 R8f7 37. Nd4 Rf4 38. Qg3 Rxh4+ 39. Kg1 Rh3
40. Qg4 Rh1+ 41. Kg2 Qh2# 0-1